Rozpočet získa opatreniami vyše 18 miliárd korún

Suma, ktorú by mali do štátneho rozpočtu priniesť ekonomické opatrenia vlády. Najväčšou mierou na dodatočných príjmoch rozpočtu sa bude podieľať predpokladaný výnos zo zvýšenej dovoznej prirážky. Zvyšovanie regulovaných cien. Zvýšenie spodnej sadzby DPH. Redukcia štátnej správy. Vplyv cenových a daň...

Descrizione completa

Salvato in:
Dettagli Bibliografici
Autore principale: Medžová, Andrea
Natura: Capitolo di libro
Lingua:slovacco
Soggetti:
Tags: Aggiungi Tag
Nessun Tag, puoi essere il primo ad aggiungerne!!

MARC

LEADER 00000naa a2200000 4500
001 r035313
005 20230921103839.0
041 0 |a slo 
044 |a SK 
245 1 0 |a Rozpočet získa opatreniami vyše 18 miliárd korún  |c Andrea Medžová 
520 |a Suma, ktorú by mali do štátneho rozpočtu priniesť ekonomické opatrenia vlády. Najväčšou mierou na dodatočných príjmoch rozpočtu sa bude podieľať predpokladaný výnos zo zvýšenej dovoznej prirážky. Zvyšovanie regulovaných cien. Zvýšenie spodnej sadzby DPH. Redukcia štátnej správy. Vplyv cenových a daňových úprav na výdavky domácností. 
610 2 0 |a rozpočet štátny 
610 2 0 |a príjmy rozpočtu štátneho 
610 2 0 |a prirážky dovozné 
610 2 0 |a ceny 
610 2 0 |a dane z hodnoty pridanej 
610 2 0 |a zvyšovanie cien 
610 2 0 |a správa štátna 
610 2 0 |a výdavky obyvateľstva 
610 2 0 |a výdavky 
610 2 0 |a domácnosti 
100 1 |a Medžová, Andrea